000
00314nam a2200109Ia 4500
008
200302s9999 xx 000 0 und d
100
_a
Leland M. Roth and Others
245
_a
Understanding Architecture Its elements History and Meaning
260
_b
A Membr of the Pseus Books Group
260
_c
2014
300
_a
745
999
_c
6490
_d
6490